| Tag |
First Indicator |
Second Indicator |
Subfields |
| LEADER |
00000cam a2200000 i 4500 |
| 001 |
in00004574721 |
| 006 |
m o d f |
| 007 |
cr b|||||m|||| |
| 008 |
220114s2022 dcua ob f000 0 eng c |
| 005 |
20220729165631.5 |
| 024 |
8 |
|
|a 43-928
|q (GPO jacket number)
|
| 035 |
|
|
|a (OCoLC)on1292071589
|
| 040 |
|
|
|a GPO
|b eng
|e rda
|e pn
|c GPO
|d GPO
|d BVA
|d OCLCO
|d GPO
|d MvI
|
| 042 |
|
|
|a pcc
|
| 043 |
|
|
|a n-us---
|
| 049 |
|
|
|a WWW
|
| 050 |
|
4 |
|a KF27
|b .E55268 2022
|
| 074 |
|
|
|a 1019-C-01 (online)
|
| 086 |
0 |
|
|a Y 4.C 73/8:116-55
|
| 088 |
|
|
|a Serial no. 116-55 (United States. Congress. House. Committee on Energy and Commerce)
|
| 110 |
1 |
|
|a United States.
|b Congress.
|b House.
|b Committee on Energy and Commerce.
|b Subcommittee on Environment and Climate Change,
|e author.
|
| 245 |
1 |
0 |
|a Building America's clean future :
|b pathways to decarbonize the economy : hearing before the Subcommittee on Environment and Climate Change of the Committee on Energy and Commerce, House of Representatives, One Hundred Sixteenth Congress, first session, July 24, 2019.
|
| 264 |
|
1 |
|a Washington :
|b U.S. Government Publishing Office,
|c 2022.
|
| 300 |
|
|
|a 1 online resource (v, 187 pages) :
|b color illustrations
|
| 336 |
|
|
|a text
|b txt
|2 rdacontent
|
| 337 |
|
|
|a computer
|b c
|2 rdamedia
|
| 338 |
|
|
|a online resource
|b cr
|2 rdacarrier
|
| 500 |
|
|
|a "Serial no. 116-55."
|
| 500 |
|
|
|a Access ID (govinfo): CHRG-116hhrg43928.
|
| 500 |
|
|
|a GPO Cataloging Record Distribution Program (CRDP).
|
| 504 |
|
|
|a Includes bibliographical references.
|
| 511 |
0 |
|
|a Hearing witnesses: Karl Hausker, Ph.D., Senior Fellow, Climate Program, World Resources Institute; Shannon Angielski, Executive Director, Carbon Utilization Research Council; Armond Cohen, Executive Director, Clean Air Task Force; Rachel Cleetus, Ph.D., Policy Director, Climate and Energy Program, Union of Concerned Scientists.
|
| 518 |
|
|
|a Date of hearing: 2019-07-24.
|
| 588 |
|
|
|a Description based on online resource; title from PDF title page (govinfo, viewed Jan. 14, 2022).
|
| 650 |
|
0 |
|a Carbon dioxide mitigation
|x Economic aspects
|z United States.
|
| 650 |
|
0 |
|a Renewable energy sources
|x Government policy
|z United States.
|
| 650 |
|
0 |
|a Renewable resource integration
|x Government policy
|z United States.
|
| 650 |
|
0 |
|a Climatic changes
|x Government policy
|z United States.
|
| 650 |
|
0 |
|a Electric vehicles
|z United States.
|
| 650 |
|
0 |
|a Electric power distribution
|z United States.
|
| 655 |
|
7 |
|a Legislative hearings.
|2 lcgft
|
| 776 |
0 |
8 |
|i Print version:
|a United States. Congress. House. Committee on Energy and Commerce. Subcommittee on Environment and Climate Change.
|t Building America's clean future
|w (OCoLC)1292071531
|
| 856 |
4 |
0 |
|u https://purl.fdlp.gov/GPO/gpo173886
|t 0
|
| 999 |
f |
f |
|s 932713c8-2c27-4e2c-bf4c-d2bf76da3402
|i 87ff881b-ced8-4124-a02d-202b46a80d2b
|t 0
|
| 952 |
f |
f |
|a Texas A&M University
|b College Station
|c Electronic Resources
|d Available Online
|t 0
|e Y 4.C 73/8:116-55
|h Superintendent of Documents classification
|
| 998 |
f |
f |
|a Y 4.C 73/8:116-55
|t 0
|l Available Online
|